Skandinávie: znamená výrazné zastoupení žen v parlamentu, že mají skutečnou moc?

Významné miesto žien v politike severských štátov. Prekážky, s ktorými sa ženy v škandinávskej politike stretávajú. Faktory, ktoré ovplyvňujú zastúpenie žien vo vládach.

Salvato in:
Dettagli Bibliografici
Autore principale: Braun, Mats
Natura: Capitolo di libro
Lingua:ceco
Soggetti:
Tags: Aggiungi Tag
Nessun Tag, puoi essere il primo ad aggiungerne!!

MARC

LEADER 00000naa$a2200000$$$4500
001 0087521
005 20231016093327.8
041 0 |a cze 
044 |a CZ 
245 1 0 |a Skandinávie: znamená výrazné zastoupení žen v parlamentu, že mají skutečnou moc?  |c Mats Braun 
520 |a Významné miesto žien v politike severských štátov. Prekážky, s ktorými sa ženy v škandinávskej politike stretávajú. Faktory, ktoré ovplyvňujú zastúpenie žien vo vládach. 
610 2 0 |a politika 
610 2 0 |a štát 
610 2 0 |a vláda 
610 2 0 |a ženy 
610 2 0 |a Škandinávia 
100 1 |a Braun, Mats